Stay with me - Sam Smith ( All Lyrics ) - Statistics

General Stats
  • This quiz has been taken 169 times
  • The average score is 147 of 177
Answer Stats
% Correct
you
100%
me
99%
stay
99%
with
99%
I
98%
a
97%
'cause
96%
'Cause
96%
need
96%
all
95%
you're
95%
it
92%
won't
92%
Won't
92%
to
91%
it's
90%
love
90%
Oh
89%
But
88%
darling
86%
Darling
86%
I'm
86%
see
86%
so
85%
No
83%
This
83%
this
83%
go
82%
not
81%
want
81%
clear
80%
man
80%
just
79%
ain't
78%
good
78%
my
78%
don't
76%
never
76%
night
76%
one
76%
hold
75%
at
74%
hand
73%
leave
73%
stand
73%
still
71%
can
69%
Guess
67%
hurt
67%
look
67%
These
67%
true
67%
doesn't
66%
Why
66%
control
65%
seem
65%
self
65%
will
64%
nights
63%
am
62%
And
62%
know
61%
plan
61%
emotional
58%
some
58%
down
54%
works
53%
deep
52%
lay
42%
gain
37%
Ooh
21%
ooh
21%
No matching quizzes found
Score Distribution
Percent of People with Each Score
Percentile by Number Answered
Your Score History
You have not taken this quiz